| 000 | 00864nam a2200181Ia 4500 | ||
|---|---|---|---|
| 008 | 100920s9999 xx 000 0 und d | ||
| 082 |
_b97379 _a200 न 00 |
||
| 100 | _aगोखले गो. सी. , घाणेकर र.ब. | ||
| 245 | _aश्री ब्रह्मचैतन्य महाराज गोंदवलेकर प्रवचने. | ||
| 260 |
_bदामले श्रीराम , सातारा. _c2000 |
||
| 300 |
_a375 _bसाधी |
||
| 365 | _b55 | ||
| 520 | _aधार्मिक. | ||
| 630 | _aश्री ब्रह्मचैतन्य महाराज गोंदवलेकर प्रवचने. | ||
| 650 | _aधार्मिक. | ||
| 730 | _aश्री ब्रह्मचैतन्य महाराज गोंदवलेकर प्रवचने. | ||
| 942 | _cBOOK | ||
| 999 |
_c737818 _d737815 |
||